00607nam 2200169 45000010005000000900009000051000041000141010008000552000093000632100051001566060028002076060031002356070016002667100042002828010020003249950093003445649 a5649 a20190729k u||y0frey50 ba afre aLa lutte des femmes dans l'habillement et le textilebBrochurefService formation du PSU aParis, FrancecParti socialiste unifié (PSU) aMouvement ouvrier91057 93004aCondition féminine 9521aFrance 92740aParti Socialiste Unifié (PSU) aCHbCH-002049-8 10203052025-10-3096512bARCHICcARCHICeBrochuresf7409hLucile HanouzkBroch 2442o1